000 00295nam a2200121Ia 4500
008 190216s9999||||xx |||||||||||||| ||und||
100 _aSreenarayanan Mavoor
245 0 _aMalayalamnovel-Kakkappula
260 _bCurrent Books
_c1988
300 _a306p
650 _aMalayalam Novel
942 _cBK
999 _c26582
_d26582